000 00625nam a22001577a 4500
008 230317b |||||||| |||| 00| 0 eng d
040 _aNational Science Library
_cNational Science Library
080 _a633.87(063)
_bK2
245 _aSeminar on vegetable tannins
_c/ Paper Presented at at Seminar Sponsored by the Central Leather Research Institute Madres, India and Held at the Institute on Jan 21-23, 1962
260 _aMadres:
_bCentral Leather Research Institute,
_c1962
300 _avi, 160p.
650 _aAgriculture
653 _aRajandrai, S (Ed.)
653 _aBhanu, Koty Udai (Ed.)
942 _2udc
_cSEM
999 _c10471
_d10471